<?xml version="1.0" encoding="UTF-8"?><?xml-stylesheet type="text/xsl" href="static/style.xsl"?><OAI-PMH xmlns="http://www.openarchives.org/OAI/2.0/" xmlns:xsi="http://www.w3.org/2001/XMLSchema-instance" xsi:schemaLocation="http://www.openarchives.org/OAI/2.0/ http://www.openarchives.org/OAI/2.0/OAI-PMH.xsd"><responseDate>2026-06-01T12:17:55Z</responseDate><request verb="GetRecord" identifier="oai:riuma.uma.es:10630/9804" metadataPrefix="marc">https://riuma.uma.es/rest/oai/request</request><GetRecord><record><header><identifier>oai:riuma.uma.es:10630/9804</identifier><datestamp>2026-02-03T11:34:19Z</datestamp><setSpec>com_10630_2254</setSpec><setSpec>col_10630_37953</setSpec></header><metadata><record xmlns="http://www.loc.gov/MARC21/slim" xmlns:dcterms="http://purl.org/dc/terms/" xmlns:doc="http://www.lyncode.com/xoai" xmlns:xsi="http://www.w3.org/2001/XMLSchema-instance" xsi:schemaLocation="http://www.loc.gov/MARC21/slim http://www.loc.gov/standards/marcxml/schema/MARC21slim.xsd">
   <leader>00925njm 22002777a 4500</leader>
   <datafield ind2=" " ind1=" " tag="042">
      <subfield code="a">dc</subfield>
   </datafield>
   <datafield ind2=" " ind1=" " tag="720">
      <subfield code="a">Galeote-López, Manuel</subfield>
      <subfield code="e">author</subfield>
   </datafield>
   <datafield ind2=" " ind1=" " tag="260">
      <subfield code="c">2015-05-27</subfield>
   </datafield>
   <datafield ind2=" " ind1=" " tag="520">
      <subfield code="a">Esta comunicación sobre los Discursos (1607) de Echave persigue redimensionar la trascendencia y originalidad, así como revisar la atención que se le ha prestado. Por supuesto, nos hallamos ante un tratado sobre la lengua primitiva de la Península Ibérica. La inquietud múltiple (por la corrupción de la lengua, su expansión, su contacto con otras variedades y su natural desarrollo como lengua oral, que tiende a disgregarse en variedades diatópicas, disastráticas y diafásicas) del pintor-lingüista  se exterioriza mediante el “planto” por la muerte de la lengua vascongada, que se resiste a morir.  Echave discurría a las claras que la lengua “cantabra bascongada” era la primera que se habló en España y fue lengua de uso general en la nación, aunque sus hablantes naturales dejaron de hablarla y la olvidaron</subfield>
   </datafield>
   <datafield ind1="8" ind2=" " tag="024">
      <subfield code="a">http://hdl.handle.net/10630/9804</subfield>
   </datafield>
   <datafield ind1="8" ind2=" " tag="024">
      <subfield code="a">http://orcid.org/0000-0001-5773-9883</subfield>
   </datafield>
   <datafield tag="653" ind2=" " ind1=" ">
      <subfield code="a">Historiografía lingüistica</subfield>
   </datafield>
   <datafield ind2="0" ind1="0" tag="245">
      <subfield code="a">A propósito de los discursos de Echave Orio sobre la antigüedad de la lengua vascongada (1607)</subfield>
   </datafield>
</record>
</metadata></record></GetRecord></OAI-PMH>